000 00307nam a2200121Ia 4500
008 191201s2019 xx 000 0 und d
100 _aEngineers Academy
245 0 _aTextile Testing Textile Engineering
260 _bEngineers Academy Pub
_c2019
300 _a136
650 _aB.Tech(TE)
942 _2ddc
_cBK
999 _c7094
_d7094